| 000 | 00599cam a22001811 4500 | ||
|---|---|---|---|
| 020 | _a0262200058 (v. 2) | ||
| 040 | _cNIC | ||
| 082 | _a621 M.I.T 1973 A109 Or. | ||
| 100 | 1 | _aThompson, Theos Jardin, | |
| 245 | 1 | 4 | _aThe technology of nuclear reactor safety. |
| 260 |
_aCambridge, _bM. I. T. Press _c[1964-73] |
||
| 300 |
_a2 v. _billus. _c26 cm. |
||
| 500 | _aVol. 2 prepared under the auspices of the Division of Technical Information, U. S. Atomic Energy Commission. | ||
| 650 | 0 | _aNuclear reactors | |
| 700 | 1 | _aBeckerley, James G., | |
| 710 | 2 | _aU.S. Atomic Energy Commission. | |
| 942 | _cEK | ||
| 999 |
_c16947 _d16947 |
||